| 000 | 00708cam a2200205 a 4500 | ||
|---|---|---|---|
| 001 | 000001495 | ||
| 005 | 20200929145610.0 | ||
| 008 | 790620s1967 sp 000 d spa d | ||
| 040 |
_aDO-SdBNP _bspa _cBNPHU |
||
| 082 |
_a862.5 _bZ88t |
||
| 100 | 1 |
_aZorrilla, José, _d1817-1893. _94939 |
|
| 245 | 1 | 0 |
_aTraidor, inconfeso y mártir / _cJosé Zorrilla ; introducción y notas de Ricardo Senabre. |
| 260 |
_aSalamanca : _bAnaya, _c1967. |
||
| 300 |
_a185 p. ; _c18 cm. |
||
| 490 | 1 |
_aBiblioteca Anaya. Autores españoles _v31 |
|
| 650 | 4 |
_aTeatro español _93071 |
|
| 650 | 4 |
_aLiteratura española _9632 |
|
| 700 | 1 |
_aSenabre, Ricardo, _eintro. _94940 |
|
| 830 | 0 |
_aBiblioteca Anaya ; _pAutores españoles. _v31. _94941 |
|
| 999 |
_c1401 _d1401 |
||